Score 0/20 Timer 05:00
6 Plays Today
Foreign-Born Population Country % Correct
156,045Finland
95.7%
42,074Norway
94.9%
49,586Germany
92.5%
25,266United Kingdom
92.3%
41,870Denmark
90.2%
85,517Poland
80.1%
28,140China
79.7%
23,237India
73.9%
98,216Syria
71.4%
46,373Turkey
71.2%
Foreign-Born Population Country % Correct
131,888Iraq
70.9%
69,067Iran
69.6%
31,267Afghanistan
53.6%
26,356Romania
47%
60,623Somalia
40%
26,159Lebanon
38.7%
38,792Thailand
34.5%
57,705Bosnia and Herzegovina
28.6%
28,616Eritrea
22.3%
28,072Chile
21.4%
Remove Ads.
Support Sporcle.
Get the best of Sporcle when you Go Orange. This ad-free experience offers more features, more stats, and more fun while also helping to support Sporcle. Thank you for becoming a member.

You're not logged in!

Compare scores with friends on all Sporcle quizzes.
OR
Log In

Show Comments

Extras

Top Quizzes Today


Score Distribution

Your Account Isn't Verified!

In order to create a playlist on Sporcle, you need to verify the email address you used during registration. Go to your Sporcle Settings to finish the process.

Report this User

Report this user for behavior that violates our Community Guidelines.

Details: